| Поле | Инд. | ПП | Название | Значение |
|---|---|---|---|---|
| Тип записи | a | |||
| Библиографический уровень | b | |||
| 001 | Контрольный номер | RU/IS/BASE/296070869 | ||
| 005 | Дата корректировки | 20200527205650.0 | ||
| 008 | Кодируемые данные | 20090519 | ||
| 040 | b | Код языка каталог. | rus | |
| e | Правила каталог. | PSBO | ||
| 041 | 0_ | a | Код языка текста | rus |
| 084 | a | Индекс другой классификации/Индекс ББК | 63.3(2)53-3; 63.3(2)53-2; 63.3(2)61-3; 63.3(2)61-7; 83.3(2)61-003.3; 83.3(2)61-02 | |
| 100 | 1_ | a | Автор | Чун Хо-Кан |
| 245 | 10 | a | Заглавие | Социокультурная ситуация до Октябрьской революции и культурная политика большевиков 20-х гг. XX в. |
| 504 | a | Библиография | Библиогр. - Примеч. | |
| 650 | 04 | a | Основная рубрика | внутренняя политика |
| a | Основная рубрика | история | ||
| a | Основная рубрика | история литературы | ||
| a | Основная рубрика | литературоведение | ||
| a | Основная рубрика | филологические науки | ||
| 653 | 0_ | a | Ключевые слова | "Красная новь" (журнал) |
| a | Ключевые слова | "Перевал" (лит. группа) | ||
| a | Ключевые слова | XX век | ||
| a | Ключевые слова | большевики | ||
| a | Ключевые слова | большевистская партия | ||
| a | Ключевые слова | культура | ||
| a | Ключевые слова | культурная политика | ||
| a | Ключевые слова | литературная полемика | ||
| a | Ключевые слова | литературная политика | ||
| a | Ключевые слова | литературные группы | ||
| a | Ключевые слова | общественно-политическая ситуация | ||
| a | Ключевые слова | Октябрьская революция 1917 | ||
| a | Ключевые слова | Пролеткульт | ||
| a | Ключевые слова | Россия | ||
| a | Ключевые слова | социально-политическое положение | ||
| a | Ключевые слова | футуристическое движение | ||
| a | Ключевые слова | футуристы | ||
| a | Ключевые слова | художественная интеллигенция | ||
| a | Ключевые слова | цензура | ||
| 773 | 08 | t | Заглавие источника | Вестник Московского университета. Серия 7, Философия |
| d | Дата издания источника | 2006 | ||
| g | Прочая информация | № 6. - С. 56 - 72 | ||
| w | Контрольный № источника | RU/IS/BASE/219330137 | ||
| 901 | t | Тип документа | b |